NFL QB's by College - Statistics

General Stats
  • This quiz has been taken 85 times
  • The average score is 29 of 32
Answer Stats
Team QB College % Correct
Bengals Joe Burrow LSU
99%
Commanders Jayden Daniels LSU
99%
Eagles Jalen Hurts Oklahoma
99%
Dolphins Tua Tagovailoa Alabama
97%
Panthers Bryce Young Alabama
97%
Vikings J.J McCarthy Michigan
97%
Jets Justin Fields Ohio State
97%
Texans C.J Stroud Ohio State
97%
Buccaneers Baker Mayfield Oklahoma
97%
Cardinals Kyler Murray Oklahoma
97%
Broncos Bo Nix Oregon
97%
Chargers Justin Herbert Oregon
97%
Chiefs Patrick Mahomes Texas Tech
97%
Bears Caleb Williams USC
96%
Seahawks Sam Darnold USC
96%
Jaguars Trevor Lawrence Clemson
94%
Bills Josh Allen Wyoming
94%
Rams Matthew Stafford Georgia
91%
Ravens Lamar Jackson Louisville
91%
Saints Tyler Shough Louisville
91%
Patriots Drake Maye North Carolina
91%
Falcons Michael Penix Jr Washington
90%
Lions Jared Goff California
89%
Steelers Aaron Rodgers California
89%
Giants Russell Wilson Wisconsin
87%
49ers Brock Purdy Iowa State
86%
Colts Daniel Jones Duke
80%
Cowboys Dak Prescott Mississippi State
80%
Packers Jordan Love Utah State
66%
Raiders Geno Smith West Virginia
66%
Browns Joe Flacco Delaware
64%
Titans Cam Ward Miami (FL)
51%
No matching quizzes found
Score Distribution
Percent of People with Each Score
Percentile by Number Answered
Your Score History
You have not taken this quiz